000 00442nam a2200193Ia 4500
008 101110s9999 xx 000 0 und d
041 _aMARATHI
082 _bSR7729
_a891.463
100 _aValimbe V.S.
245 _aVolga Jevha Lal Hote
365 _b18
520 _aMarathi
546 _aMARATHI
630 _aVolga Jevha Lal Hote
650 _aMarathi
655 _aMarathi
730 _aVolga Jevha Lal Hote
942 _cBOOK
999 _c803337
_d803334